<?xml version="1.0" encoding="UTF-8"?>
<record
    xmlns:xsi="http://www.w3.org/2001/XMLSchema-instance"
    xsi:schemaLocation="http://www.loc.gov/MARC21/slim http://www.loc.gov/standards/marcxml/schema/MARC21slim.xsd"
    xmlns="http://www.loc.gov/MARC21/slim">

  <leader>01636nam a2200205Ia 4500</leader>
  <controlfield tag="001">b6588-47446 </controlfield>
  <controlfield tag="003">IT-MiCISF</controlfield>
  <controlfield tag="008">161014s9999||||xx |||||||||||||| ||und||</controlfield>
  <datafield tag="040" ind1=" " ind2=" ">
    <subfield code="a">IT-MiCISF</subfield>
    <subfield code="c">IT-MiCISF</subfield>
  </datafield>
  <datafield tag="041" ind1=" " ind2=" ">
    <subfield code="a">it</subfield>
  </datafield>
  <datafield tag="100" ind1=" " ind2=" ">
    <subfield code="a">Lorin Claude</subfield>
  </datafield>
  <datafield tag="245" ind1=" " ind2="0">
    <subfield code="a">Uno sguardo nuovo sull'anoressia</subfield>
    <subfield code="b">La danza come soluzione possibile</subfield>
  </datafield>
  <datafield tag="250" ind1=" " ind2=" ">
    <subfield code="a">1a ed.</subfield>
  </datafield>
  <datafield tag="260" ind1=" " ind2=" ">
    <subfield code="a"> Roma</subfield>
    <subfield code="b">Magi</subfield>
    <subfield code="c">2009 [Edizione originale: 2007]</subfield>
  </datafield>
  <datafield tag="300" ind1=" " ind2=" ">
    <subfield code="a">pp. 189</subfield>
  </datafield>
  <datafield tag="500" ind1=" " ind2=" ">
    <subfield code="a"> / disturbi-alimentazione, storia, societ&#xE0;, cura / Un'impostazione rivoluzionaria dei metodi di cura dell'anoressia. L'A. - allontanandosi dalla visione rigidamente circoscritta all'ambiente familiare, in cui la figura della madre viene fin troppo colpevolizzata - suggerisce a chi ha problemi di comportamento alimentare di praticare la danza. Danzare significa utilizzare in modo positivo le preoccupazioni alimentari. La danza pu&#xF2; trasformare la malattia in qualcosa di sacro, perch&#xE9; implica la sublimazione di tutto ci&#xF2; che &#xE8; corpo, slancio vitale, desiderio, passione Un'impostazione che non rinuncia, comunque, alla terapia psicoterapeutica, che viene integrata con la teatroterapia e la danza. I casi descritti nel volume mostrano come questa strada sia percorribile, e lo testimoniano le pazienti anoressiche che in seguito hanno intrapreso la carriera di danzatrici. Interessanti e chiarificatori gli incontri dell'A., riportati alla fine del volume, con personalit&#xE0; quali Carolyn Carlson e Leila da Rocha, ex-anoressiche e oggi ballerine di fama internazionale.</subfield>
  </datafield>
  <datafield tag="650" ind1=" " ind2=" ">
    <subfield code="a"> Dinamiche familiari / salute-cura</subfield>
    <subfield code="e">001</subfield>
  </datafield>
  <datafield tag="942" ind1=" " ind2=" ">
    <subfield code="c">BK</subfield>
  </datafield>
  <datafield tag="957" ind1=" " ind2=" ">
    <subfield code="7">1</subfield>
  </datafield>
  <datafield tag="999" ind1=" " ind2=" ">
    <subfield code="a">47446</subfield>
    <subfield code="b">si</subfield>
    <subfield code="g">1</subfield>
    <subfield code="c">210441</subfield>
    <subfield code="d">210441</subfield>
  </datafield>
  <datafield tag="952" ind1=" " ind2=" ">
    <subfield code="0">0</subfield>
    <subfield code="1">0</subfield>
    <subfield code="4">0</subfield>
    <subfield code="6">B_658847446</subfield>
    <subfield code="7">1</subfield>
    <subfield code="a">CISF</subfield>
    <subfield code="b">CISF</subfield>
    <subfield code="d">2016-10-14</subfield>
    <subfield code="l">0</subfield>
    <subfield code="o">b6588-47446 </subfield>
    <subfield code="r">2016-10-14 00:00:00</subfield>
    <subfield code="w">2016-10-14</subfield>
    <subfield code="y">BK</subfield>
    <subfield code="z">Data import 15.10.2016 / by Epidotti, Vaglietti</subfield>
  </datafield>
</record>
